[Event "ch-CUB"]
[Site "Holguin City CUB"]
[Date "2002.04.08"]
[Round "8"]
[White "Vera,R"]
[Black "Arencibia,W"]
[Result "1-0"]
[WhiteElo "2534"]
[BlackElo "2542"]
[EventDate "2002.03.31"]

1. d4 d5 2. c4 dxc4 3. Nf3 e6 4. e3 Nf6 5. Bxc4 c5 6. O-O a6 7. a4 Nc6 8.
Qe2 cxd4 9. Rd1 d3 10. Bxd3 Qc7 11. Nc3 Bd7 12. e4 Ng4 13. Nd5 exd5 14.
exd5+ Ne7 15. Bc4 Qd6 16. Rd4 Kd8 17. Bf4 Qb6 18. a5 Qc5 19. b4 Qxb4 20.
Ng5 Nh6 21. Ne6+ fxe6 22. dxe6 Nhf5 23. Qe5 Nd6 24. Rxd6 Qxc4 25. Rxd7+ Ke8
26. Rc1 Qb5 27. Qc7 Qb3 28. Rxe7+ 1-0

[Event "ch-CUB"]
[Site "Holguin City CUB"]
[Date "2002.04.08"]
[Round "8"]
[White "Perez,Rod"]
[Black "Borges Mateos,J"]
[Result "1/2-1/2"]
[WhiteElo "2429"]
[BlackElo "2438"]
[EventDate "2002.03.31"]

1. e4 c5 2. Nf3 e6 3. b3 d6 4. Bb5+ Bd7 5. Bxd7+ Nxd7 6. c4 Ngf6 7. Nc3 a6
8. O-O Qa5 9. Bb2 Be7 10. d4 cxd4 11. Nxd4 g5 12. Qd2 Rg8 13. Rad1 g4 14.
Rfe1 Qh5 1/2-1/2

[Event "ch-CUB"]
[Site "Holguin City CUB"]
[Date "2002.04.10"]
[Round "9"]
[White "Borges Mateos,J"]
[Black "Bruzon,L"]
[Result "1/2-1/2"]
[WhiteElo "2438"]
[BlackElo "2569"]
[EventDate "2002.03.31"]

1. d4 d5 2. c4 c6 3. Nf3 Nf6 4. Nc3 e6 5. e3 Nbd7 6. Qc2 Bd6 7. Be2 O-O 8.
O-O dxc4 9. Bxc4 a6 10. Rd1 Qc7 11. Ne4 1/2-1/2

[Event "ch-CUB"]
[Site "Holguin City CUB"]
[Date "2002.04.10"]
[Round "9"]
[White "Arencibia,W"]
[Black "Perez,Rod"]
[Result "1/2-1/2"]
[WhiteElo "2542"]
[BlackElo "2429"]
[EventDate "2002.03.31"]

1. Nf3 d5 2. c4 c6 3. e3 Nf6 4. Nc3 a6 5. Qc2 e6 6. d4 c5 7. dxc5 Bxc5 8.
a3 Nc6 9. b4 Ba7 10. Bb2 O-O 11. Rd1 Qe7 12. cxd5 exd5 13. Nxd5 Nxd5 14.
Rxd5 f5 15. Qc3 Kh8 16. Be2 Be6 17. Rd6 Rf6 18. Qd2 Rg6 19. Ne5 Nxe5 20.
Bxe5 Rxg2 21. Bf3 Rg6 22. h4 Bc4 23. h5 Rxd6 24. Qxd6 Qxd6 25. Bxd6 Rd8 26.
Be5 Re8 27. Bb2 Bxe3 28. fxe3 Rxe3+ 29. Kf2 Rxf3+ 30. Kxf3 Bd5+ 31. Kf4
Bxh1 32. h6 1/2-1/2

[Event "ch-CUB"]
[Site "Holguin City CUB"]
[Date "2002.04.10"]
[Round "9"]
[White "Dominguez,L"]
[Black "Vera,R"]
[Result "1/2-1/2"]
[WhiteElo "2594"]
[BlackElo "2534"]
[EventDate "2002.03.31"]

1. e4 c5 2. Nf3 d6 3. d4 cxd4 4. Nxd4 Nf6 5. Nc3 Nc6 6. Bg5 a6 7. Qd2 e6 8.
O-O-O Bd7 9. f4 b5 10. Bxf6 gxf6 11. Nxc6 Bxc6 12. Qe3 Qe7 13. Bd3 Qa7 14.
Qe1 O-O-O 15. Kb1 Rg8 16. g3 Kb8 17. Rf1 b4 18. Ne2 d5 19. exd5 Rxd5 20.
Be4 Rxd1+ 21. Qxd1 Bxe4 22. Qd8+ Kb7 23. Qd7+ Ka8 24. Qc8+ 1/2-1/2

[Event "ch-CUB"]
[Site "Holguin City CUB"]
[Date "2002.04.10"]
[Round "9"]
[White "Nogueiras,J"]
[Black "De la Paz,F"]
[Result "1/2-1/2"]
[WhiteElo "2521"]
[BlackElo "2427"]
[EventDate "2002.03.31"]

1. d4 Nf6 2. Nf3 g6 3. g3 Bg7 4. Bg2 O-O 5. c4 d6 6. Nc3 c5 7. d5 Na6 8.
O-O Nc7 9. a4 Rb8 10. h3 b6 11. e4 a6 12. e5 Nd7 13. exd6 exd6 14. Ne4 Ne5
15. Nxe5 Bxe5 16. Bh6 Re8 17. Qd2 Bf5 18. Rae1 1/2-1/2

[Event "ch-CUB"]
[Site "Holguin City CUB"]
[Date "2002.04.10"]
[Round "9"]
[White "Almeida,O"]
[Black "Vazquez,R"]
[Result "1/2-1/2"]
[WhiteElo "2473"]
[BlackElo "2442"]
[EventDate "2002.03.31"]

1. d4 Nf6 2. c4 g6 3. Nc3 Bg7 4. e4 d6 5. h3 O-O 6. Nf3 e5 7. d5 Na6 8. Bg5
Qe8 9. g4 Nd7 10. Rg1 Kh8 11. a3 f5 12. gxf5 gxf5 13. exf5 Ndc5 14. Be3
Bxf5 15. Nh4 Bd7 16. b4 Rf4 17. Rxg7 Kxg7 18. Bxf4 exf4+ 19. Ne2 Qh5 20.
bxc5 Nxc5 21. Ng2 f3 22. Qd4+ Qe5 23. Qxe5+ dxe5 24. Ne3 fxe2 25. Kxe2 Rf8
26. Rb1 b6 27. Bg2 Rf4 28. Rg1 Kf8 29. Bf1 Ne4 30. f3 Nd6 31. Kf2 e4 32.
Rg3 Kf7 33. Kg2 Bf5 34. fxe4 Bxe4+ 35. Kg1 Nf5 36. Nxf5 Bxf5 37. c5 1/2-1/2

[Event "ch-CUB"]
[Site "Holguin City CUB"]
[Date "2002.04.10"]
[Round "9"]
[White "Abreu,A"]
[Black "Herrera,I"]
[Result "1-0"]
[WhiteElo "2480"]
[BlackElo "2474"]
[EventDate "2002.03.31"]

1. e4 c5 2. Nf3 d6 3. d4 cxd4 4. Nxd4 Nf6 5. Nc3 a6 6. f3 e6 7. Be3 b5 8.
g4 b4 9. Nce2 h6 10. Bg2 e5 11. Nf5 g6 12. Nfg3 Be6 13. O-O Nbd7 14. h3 h5
15. c3 Rb8 16. cxb4 h4 17. Nh1 d5 18. a3 d4 19. Bd2 a5 20. Nf2 axb4 21. f4
Bc4 22. b3 Bb5 23. axb4 Bd6 24. Re1 Qb6 25. Nc1 Kf8 26. Ncd3 Re8 27. Qf3
exf4 28. Bxf4 Ne5 29. Nxe5 Bxe5 30. Ra5 Bxf4 31. Qxf4 Nd5 32. Qg5 Nc3 33.
Nd1 d3+ 34. Kh1 f6 35. Rf1 Kg7 36. Rxf6 1-0

[Event "ch-CUB"]
[Site "Holguin City CUB"]
[Date "2002.04.10"]
[Round "9"]
[White "Gonzalez,Y"]
[Black "Gongora,M"]
[Result "0-1"]
[WhiteElo "2444"]
[BlackElo "2408"]
[EventDate "2002.03.31"]

1. e4 c5 2. Nf3 e6 3. d4 cxd4 4. Nxd4 Nf6 5. Nc3 Nc6 6. Nxc6 bxc6 7. e5 Nd5
8. Ne4 Ba6 9. c4 Bb4+ 10. Bd2 Qh4 11. Bd3 f5 12. g3 Qe7 13. cxd5 Bxd3 14.
d6 Qf8 15. Ng5 Bxd2+ 16. Kxd2 Bc4 17. Qh5+ g6 18. Qh4 h6 19. Qxc4 hxg5 20.
h4 gxh4 21. Rxh4 g5 22. Rhh1 Kf7 23. Qe2 Qd8 24. Qe3 Qa5+ 25. Kc2 Kg6 26.
Rhe1 Rab8 27. b3 Qa3 28. g4 f4 29. Qc3 Rh2 30. Re2 Kg7 31. Kd2 Rb5 0-1

[Event "ch-CUB"]
[Site "Holguin City CUB"]
[Date "2002.04.10"]
[Round "9"]
[White "Alvarez,Jose"]
[Black "Gomez,Fe"]
[Result "1/2-1/2"]
[WhiteElo "2403"]
[BlackElo "2406"]
[EventDate "2002.03.31"]

1. c4 e5 2. Nc3 Nc6 3. Nf3 g6 4. g3 Bg7 5. Bg2 d6 6. d3 Nf6 7. O-O O-O 8.
Rb1 a5 9. a3 h6 10. b4 axb4 11. axb4 Be6 12. b5 Ne7 13. Bb2 Qd7 14. Re1 Bh3
15. Bh1 Qe6 16. Nd2 c6 17. Qb3 Nd7 18. Qc2 f5 1/2-1/2

[Event "ch-CUB"]
[Site "Holguin City CUB"]
[Date "2002.04.11"]
[Round "10"]
[White "Bruzon,L"]
[Black "Gomez,Fe"]
[Result "1-0"]
[WhiteElo "2569"]
[BlackElo "2406"]
[EventDate "2002.03.31"]

1. e4 e5 2. Nf3 Nc6 3. Bb5 f5 4. d3 fxe4 5. dxe4 Nf6 6. O-O Bc5 7. Qd3 Qe7
8. Nc3 Nd4 9. Nxd4 exd4 10. Bg5 Qe5 11. Bxf6 gxf6 12. Ne2 c6 13. Bc4 f5 14.
Rae1 fxe4 15. Ng3 d5 16. Nxe4 Be7 17. Bb3 O-O 18. Ng3 Qg7 19. Nh5 Qf7 20.
Qg3+ Kh8 21. Qe5+ Bf6 22. Nxf6 Qxf6 23. Qxf6+ Rxf6 24. Re8+ Kg7 25. Rd1 Re6
26. Rd8 a5 27. a4 d3 28. c4 Re2 29. h3 Be6 30. Rxa8 dxc4 31. Bxc4 Bxc4 32.
b3 d2 33. Rxd2 Rxd2 34. bxc4 Rc2 35. Rxa5 Rxc4 36. Ra7 Rb4 37. a5 Kg6 38.
a6 bxa6 39. Rxa6 Rb1+ 40. Kh2 Rc1 41. g4 Rc3 42. Kg2 h5 43. Ra8 Kg7 44. Ra5
hxg4 45. hxg4 Kf6 46. f3 c5 47. Kg3 Ke5 48. Ra8 c4 49. Re8+ Kf6 50. Kf4 Rc1
51. Rc8 c3 52. Rc6+ Ke7 53. Kg5 c2 54. f4 Kd7 55. Rc3 Ke6 56. f5+ Ke5 57.
Rc8 Kd6 58. Kf6 Kd7 59. Rc3 Rg1 60. Rxc2 Rxg4 61. Kf7 Rd4 62. f6 Rd1 63.
Re2 Kd8 64. Kg7 Kd7 65. f7 Rg1+ 66. Kf8 Rg3 67. Rd2+ Kc7 68. Rd4 Rg1 69.
Ke7 Re1+ 70. Kf6 Rf1+ 71. Kg6 Rf2 72. Rd5 1-0

[Event "ch-CUB"]
[Site "Holguin City CUB"]
[Date "2002.04.11"]
[Round "10"]
[White "Gongora,M"]
[Black "Quezada,Y"]
[Result "1-0"]
[WhiteElo "2408"]
[BlackElo "2411"]
[EventDate "2002.03.31"]

1. e4 c5 2. Nc3 d6 3. Nge2 Nf6 4. d4 cxd4 5. Nxd4 a6 6. Bg5 e6 7. f4 Qb6 8.
Qd2 Qxb2 9. Rb1 Qa3 10. Bxf6 gxf6 11. Be2 h5 12. O-O Nc6 13. Nxc6 bxc6 14.
Kh1 Qa5 15. f5 Be7 16. Bf3 Bd7 17. Rb7 h4 18. h3 Qe5 19. Nd1 Bc8 20. Rb3 a5
21. Ne3 a4 22. Rbb1 Qc5 23. fxe6 fxe6 24. Ng4 Kf7 25. e5 dxe5 26. Bxc6 Ra5
27. Rxf6+ Bxf6 28. Rf1 Ke7 29. Rxf6 e4 30. Bxe4 Rb5 31. c4 Qb4 32. Qf2 Qxc4
33. Rf7+ Kd6 34. Qd2+ Rd5 35. Qf4+ e5 36. Qf6+ 1-0

[Event "ch-CUB"]
[Site "Holguin City CUB"]
[Date "2002.04.11"]
[Round "10"]
[White "Herrera,I"]
[Black "Gonzalez,Y"]
[Result "1/2-1/2"]
[WhiteElo "2474"]
[BlackElo "2444"]
[EventDate "2002.03.31"]

1. e4 c6 2. d4 d5 3. e5 Bf5 4. Nc3 e6 5. g4 Bg6 6. Nge2 Ne7 7. Nf4 c5 8.
dxc5 Nec6 9. h4 Qc7 10. h5 Qxe5+ 11. Nfe2 Be4 12. Bf4 Qf6 13. g5 Qe7 14.
Nxe4 dxe4 15. Qd2 Na6 16. Nc3 Nxc5 17. Bb5 Rd8 18. Qe2 a6 19. Bxc6+ bxc6
20. Qc4 Qb7 21. Rb1 a5 22. a3 Qa6 23. Qxa6 Nxa6 24. Ke2 f5 25. gxf6 gxf6
26. Nxe4 Kf7 27. Rbd1 Be7 28. c4 e5 29. Be3 Ke6 30. Rhg1 Rb8 31. Rd2 f5 32.
Ng5+ Bxg5 1/2-1/2

[Event "ch-CUB"]
[Site "Holguin City CUB"]
[Date "2002.04.11"]
[Round "10"]
[White "Vazquez,R"]
[Black "Abreu,A"]
[Result "0-1"]
[WhiteElo "2442"]
[BlackElo "2480"]
[EventDate "2002.03.31"]

1. e4 c5 2. Nf3 d6 3. d4 cxd4 4. Nxd4 Nf6 5. Nc3 a6 6. Be3 Nc6 7. f3 e6 8.
Qd2 Be7 9. O-O-O O-O 10. g4 Nxd4 11. Bxd4 b5 12. g5 Nd7 13. h4 Bb7 14. g6
b4 15. gxh7+ Kh8 16. Nd5 exd5 17. Bxg7+ Kxg7 18. Rg1+ Kxh7 19. Bh3 f5 20.
Qf4 Rf6 21. Rg5 Qf8 22. Rh5+ Kg8 23. Bxf5 Kf7 24. Qg4 Ne5 25. Rh7+ Ke8 26.
Qh5+ Kd8 27. Rh8 Kc7 28. Rxf8 Raxf8 29. Rg1 R6f7 30. b3 Nxf3 31. Qxf3 dxe4
32. Qe2 Rxf5 33. Qc4+ Rc5 34. Qxb4 e3 35. Rg7 Re5 36. Rg1 e2 37. Re1 Bc6
38. Qc4 Rf2 39. Qxa6 Bxh4 40. Qc4 Rh2 0-1

[Event "ch-CUB"]
[Site "Holguin City CUB"]
[Date "2002.04.11"]
[Round "10"]
[White "De la Paz,F"]
[Black "Almeida,O"]
[Result "1/2-1/2"]
[WhiteElo "2427"]
[BlackElo "2473"]
[EventDate "2002.03.31"]

1. e4 Nf6 2. e5 Nd5 3. d4 d6 4. Nf3 Bg4 5. Be2 c6 6. O-O Bxf3 7. Bxf3 dxe5
8. dxe5 e6 9. Re1 Nd7 10. Nd2 Qc7 11. Qe2 Bc5 12. Ne4 Qxe5 13. g3 Qf5 14.
Bg4 Qe5 15. Bf3 Qf5 1/2-1/2

[Event "ch-CUB"]
[Site "Holguin City CUB"]
[Date "2002.04.11"]
[Round "10"]
[White "Borges Mateos,J"]
[Black "Arencibia,W"]
[Result "1/2-1/2"]
[WhiteElo "2438"]
[BlackElo "2542"]
[EventDate "2002.03.31"]

1. Nf3 Nf6 2. c4 g6 3. g3 Bg7 4. Bg2 O-O 5. O-O d6 6. d4 Nc6 7. Nc3 a6 8.
h3 Rb8 9. Be3 Bd7 10. d5 Na5 11. c5 1/2-1/2

[Event "ch-CUB"]
[Site "Holguin City CUB"]
[Date "2002.04.11"]
[Round "10"]
[White "Perez,Rod"]
[Black "Dominguez,L"]
[Result "1/2-1/2"]
[WhiteElo "2429"]
[BlackElo "2594"]
[EventDate "2002.03.31"]

1. e4 c5 2. Nf3 d6 3. d4 cxd4 4. Nxd4 Nf6 5. Nc3 a6 6. Be3 e6 7. g4 e5 8.
Nf5 g6 9. g5 gxf5 10. exf5 d5 11. gxf6 d4 12. Bc4 Qc7 13. Qd3 dxe3 14.
O-O-O exf2 15. Bxf7+ Kxf7 16. Qd5+ Kxf6 17. Ne4+ Ke7 18. f6+ Ke8 19. f7+
Ke7 20. Qd2 Qb6 21. Qg5+ Kxf7 22. Rhf1 Bh6 23. Rxf2+ Ke8 24. Rd8+ Qxd8 25.
Qxh6 Qe7 26. Nf6+ Kd8 27. Nd5 Qe6 28. Qg5+ Kd7 29. Qg7+ Kc6 30. Rf6 Kxd5
31. Rxe6 Kxe6 32. Qxh8 Nd7 33. Qg8+ Kd6 34. Qxh7 b6 35. h4 Bb7 36. h5 Bd5
37. Qg6+ Be6 38. h6 Rg8 39. Qd3+ Ke7 40. h7 Rh8 41. Qg6 Kf8 42. Qxe6 Rxh7
43. b4 Re7 44. Qc4 a5 45. bxa5 bxa5 46. Qb5 e4 47. Kd1 Ke8 48. Qh5+ Kd8 49.
Qxa5+ Kc8 50. Qa6+ Kc7 51. Qc4+ Kd8 52. a4 Re5 53. Qb4 Rd5+ 54. Ke2 Rc5 55.
c3 Kc7 56. Ke3 Re5 57. a5 Re6 58. Qb5 Nb8 59. Qc5+ Rc6 60. Qe5+ Kb7 61.
Kxe4 Na6 62. Qb5+ Kc7 63. Qe5+ Kb7 64. Kd4 Nc7 65. c4 Ne6+ 66. Kc3 Nc7 67.
Qe7 Kb8 68. Kb4 Kb7 69. Qd7 Ra6 70. Qf7 Rc6 71. Qf3 Na6+ 72. Ka4 Nc7 73.
Qh1 Na6 74. Qg2 Nc7 75. Qe4 Na6 76. Qf3 Nc7 77. Qg2 Na6 78. Qb2+ Kc8 79. c5
Nc7 80. Qh8+ Kb7 81. Qb2+ Ka7 82. Qg7 Kb7 83. Qg2 Na6 84. Kb5 Nc7+ 85. Kb4
Na6+ 86. Kc4 Nc7 87. Qb2+ Ka7 88. Qg7 Kb7 89. Qd7 Ra6 90. Kd4 Rxa5 91. c6+
Kb6 92. Kc4 Rc5+ 93. Kb4 1/2-1/2

[Event "ch-CUB"]
[Site "Holguin City CUB"]
[Date "2002.04.11"]
[Round "10"]
[White "Vera,R"]
[Black "Nogueiras,J"]
[Result "1/2-1/2"]
[WhiteElo "2534"]
[BlackElo "2521"]
[EventDate "2002.03.31"]

1. c4 Nf6 2. d4 Nc6 3. Nf3 e6 4. Nc3 Bb4 5. e3 d6 6. Bd2 e5 7. d5 Bxc3 8.
Bxc3 Ne7 9. Nd2 O-O 10. Be2 a5 11. O-O Nd7 12. Qe1 Re8 13. f3 b6 14. Bd1
Nc5 15. Ne4 Nxe4 16. fxe4 Rf8 17. Bc2 Ng6 18. b3 Bd7 19. a3 Qg5 20. Qg3 Qh5
21. Bd1 Qh6 22. Bc2 Qh5 23. Bd1 Qh6 24. Bc2 Qh5 1/2-1/2

[Event "ch-CUB"]
[Site "Holguin City CUB"]
[Date "2002.04.12"]
[Round "11"]
[White "Dominguez,L"]
[Black "Borges Mateos,J"]
[Result "1/2-1/2"]
[WhiteElo "2594"]
[BlackElo "2438"]
[EventDate "2002.03.31"]

1. e4 e6 2. d4 d5 3. Nc3 Nf6 4. e5 Nfd7 5. f4 c5 6. Nf3 Nc6 7. Be3 Qb6 8.
Na4 Qa5+ 9. c3 c4 10. b4 Qc7 11. Be2 Be7 12. O-O f5 13. g4 O-O 14. gxf5
Rxf5 15. Qe1 b6 16. Bd1 Nf8 17. Bc2 Rf7 18. Nb2 Bd8 19. Kh1 Bd7 20. a4 Be8
21. Rg1 Ne7 22. Ng5 Rf5 23. Qg3 Bg6 24. Rg2 h6 25. Nf3 Rf7 26. Bxg6 Nexg6
27. Rag1 Rf5 28. Nd1 a5 29. b5 Qf7 30. Nf2 Ra7 31. Nh3 Rd7 32. Qg4 Nh8 33.
Nf2 1/2-1/2

[Event "ch-CUB"]
[Site "Holguin City CUB"]
[Date "2002.04.12"]
[Round "11"]
[White "Almeida,O"]
[Black "Vera,R"]
[Result "1/2-1/2"]
[WhiteElo "2473"]
[BlackElo "2534"]
[EventDate "2002.03.31"]

1. d4 d5 2. c4 e6 3. Nf3 Nf6 4. Nc3 c6 5. Bg5 h6 6. Bxf6 Qxf6 7. e3 Nd7 8.
Qc2 g6 9. Be2 Qe7 10. O-O Bg7 11. a3 O-O 12. b4 dxc4 13. Bxc4 b6 14. Rfd1
Bb7 15. Rab1 Rfc8 16. Be2 c5 17. bxc5 Nxc5 18. dxc5 Qxc5 19. Nd4 Qxc3 20.
Qxc3 Rxc3 21. Nb5 Rc2 22. Bf1 Bd5 23. Rbc1 Rxc1 24. Rxc1 Be5 25. f4 a6 26.
Nc7 Bxc7 27. Rxc7 b5 28. Kf2 Rb8 29. Ra7 Ra8 30. Rc7 Rb8 31. Ra7 Rb6 32.
Bd3 Rd6 33. g3 Kg7 34. Ke2 g5 35. e4 Bc4 36. Bxc4 bxc4 37. e5 Rc6 38. Kd2
c3+ 39. Kc2 gxf4 40. gxf4 Kg6 41. a4 h5 42. a5 h4 43. h3 Kg7 44. Ra8 Kh7
45. Rf8 Kg6 46. Rh8 Rc5 47. Rxh4 Rxa5 48. Kxc3 Kf5 49. Rh7 Kxf4 50. Rxf7+
Kxe5 51. h4 Ra4 52. h5 Rh4 53. Ra7 Rxh5 54. Rxa6 Rh2 55. Kd3 Kf5 56. Ke3 e5
57. Ra8 Rh3+ 58. Ke2 Kf4 59. Rb8 Rh2+ 60. Ke1 e4 61. Rb3 Rg2 62. Ra3
1/2-1/2

[Event "ch-CUB"]
[Site "Holguin City CUB"]
[Date "2002.04.12"]
[Round "11"]
[White "Abreu,A"]
[Black "De la Paz,F"]
[Result "0-1"]
[WhiteElo "2480"]
[BlackElo "2427"]
[EventDate "2002.03.31"]

1. Nf3 Nf6 2. c4 g6 3. Nc3 Bg7 4. e4 d6 5. d4 O-O 6. Be2 e5 7. O-O Nc6 8.
d5 Ne7 9. b4 c6 10. Nd2 a5 11. bxa5 Qxa5 12. Qc2 c5 13. a4 Nd7 14. Nb5 Ra6
15. Ra3 f5 16. f4 exf4 17. Nb3 Qd8 18. Bxf4 Ne5 19. Nd2 h6 20. exf5 Bxf5
21. Ne4 Nc8 22. Re3 Re8 23. g4 Bxe4 24. Qxe4 Rxa4 25. Bd3 Ra2 26. Bxe5 Qg5
27. Bf4 Rxe4 28. Bxg5 Rxg4+ 29. Kh1 hxg5 30. Re8+ Kh7 31. Rxc8 Be5 0-1

[Event "ch-CUB"]
[Site "Holguin City CUB"]
[Date "2002.04.12"]
[Round "11"]
[White "Gonzalez,Y"]
[Black "Vazquez,R"]
[Result "1-0"]
[WhiteElo "2444"]
[BlackElo "2442"]
[EventDate "2002.03.31"]

1. e4 e5 2. Nf3 Nc6 3. Bc4 Nf6 4. d3 Bc5 5. c3 a6 6. Bb3 Ba7 7. Nbd2 d6 8.
h3 Ne7 9. Nf1 Ng6 10. Ng3 O-O 11. O-O h6 12. Re1 Re8 13. d4 c6 14. Be3 Qc7
15. Qd2 Be6 16. Bxh6 exd4 17. cxd4 Bb6 18. Bxe6 Rxe6 19. Bg5 Rae8 20. Qd3
Nh7 21. Bd2 Qd8 22. Nf5 Qd7 23. h4 Rf6 24. g4 Ngf8 25. g5 Rfe6 26. Ng3 R6e7
27. Kg2 g6 28. d5 Qg4 29. Bc3 cxd5 30. exd5 Nd7 31. b4 Nhf8 32. Rxe7 Rxe7
33. Re1 Rxe1 34. Bxe1 f6 35. Qe4 Qxe4 36. Nxe4 fxg5 37. hxg5 Bc7 38. Bc3
Nb6 39. Nf6+ Kf7 40. Bd4 Nc4 41. Nh2 a5 42. bxa5 Bxa5 43. f4 Bd2 44. Kf3 b5
45. Nhg4 b4 46. Ke4 Na5 47. Bb6 b3 48. axb3 Nxb3 49. Bc7 Nc5+ 50. Kf3 Ke7
51. Nh6 Nb7 52. Kg4 Be3 53. f5 Bd4 54. Ne4 Ba7 55. Nf6 Bd4 56. Bb8 Bxf6 57.
Ng8+ Kf7 58. Nxf6 gxf5+ 59. Kxf5 Ng6 60. Ba7 Ne7+ 61. Kg4 Kg6 62. Bb6 Nf5
63. Nh5 Ne7 64. Nf4+ Kg7 65. Bd4+ Kh7 66. Kh5 Nf5 67. g6+ Kg8 68. Bb6 Ng7+
69. Kg5 Ne8 70. Ne6 Nc5 71. Bxc5 dxc5 72. Nxc5 Kf8 73. Ne4 Ke7 74. Kh6 Kf8
75. Kh7 Ng7 76. Kh8 Nf5 77. d6 Nh6 78. g7+ 1-0

[Event "ch-CUB"]
[Site "Holguin City CUB"]
[Date "2002.04.12"]
[Round "11"]
[White "Quezada,Y"]
[Black "Herrera,I"]
[Result "1-0"]
[WhiteElo "2411"]
[BlackElo "2474"]
[EventDate "2002.03.31"]

1. e4 c5 2. Nf3 d6 3. d4 cxd4 4. Nxd4 Nf6 5. Nc3 a6 6. Bg5 e6 7. f4 Be7 8.
Qf3 Qc7 9. O-O-O Nbd7 10. g4 b5 11. Bxf6 Nxf6 12. g5 Nd7 13. f5 Bxg5+ 14.
Kb1 Ne5 15. Qh5 Qd8 16. h4 Bf6 17. fxe6 O-O 18. Bh3 fxe6 19. Bxe6+ Kh8 20.
Nd5 g6 21. Qe2 Nf3 22. Qxf3 Bxd4 23. Qg4 Be5 24. h5 Bxe6 25. Qxe6 g5 26.
Ne7 Rf6 27. Qd5 Qe8 28. Rdg1 Ra7 29. Ng6+ Rxg6 30. hxg6 Qxg6 31. Rf1 Bf4
32. Qc6 Qg7 33. e5 Qd7 34. Qb6 Qc7 35. Qxc7 Rxc7 36. exd6 Bxd6 37. Rf6 Bc5
38. Rxa6 Kg8 39. a4 g4 40. Ra8+ Kg7 41. Rh4 h5 42. Rxh5 Be3 43. Re8 Kg6 44.
Rxb5 1-0

[Event "ch-CUB"]
[Site "Holguin City CUB"]
[Date "2002.04.12"]
[Round "11"]
[White "Alvarez,Jose"]
[Black "Gongora,M"]
[Result "0-1"]
[WhiteElo "2403"]
[BlackElo "2408"]
[EventDate "2002.03.31"]

1. Nf3 d5 2. g3 Nf6 3. Bg2 e6 4. d3 Be7 5. Nbd2 c5 6. e4 Nc6 7. O-O O-O 8.
Re1 b5 9. e5 Nd7 10. Nf1 b4 11. h4 a5 12. Bf4 Ba6 13. N1h2 a4 14. a3 bxa3
15. bxa3 Rc8 16. h5 Re8 17. h6 g6 18. Ra2 Qb6 19. Qd2 Qa5 20. Qc1 Nd4 21.
Bd2 Nxf3+ 22. Nxf3 Qc7 23. Bg5 Bf8 24. c4 d4 25. Qf4 Rb8 26. Nd2 Rb6 27.
Ne4 Reb8 28. Rae2 Bb7 29. Nd6 Rxd6 30. exd6 Bxd6 31. Qh4 Bxg2 32. Kxg2 Qc6+
33. Kh2 Qf3 34. Be7 Bc7 35. Qe4 Qxe4 36. Rxe4 Rb3 37. Rd1 Ba5 38. Re2 Bc3
39. Ra2 f6 40. f4 Kf7 41. Bd6 Rb6 42. Bc7 Rc6 43. Rb1 Rxc7 44. Rb5 Ke7 45.
Re2 Kd6 46. Kh3 e5 47. Kg4 Kc6 48. f5 g5 49. Kf3 Rb7 50. Rxb7 Kxb7 51. Rh2
Nb6 52. Rh1 Bb2 53. Rb1 Bxa3 54. Ke2 Bb4 55. Kd1 a3 56. Kc2 Na4 57. Kb3 Nb2
58. Kc2 Kc6 0-1

[Event "ch-CUB"]
[Site "Holguin City CUB"]
[Date "2002.04.13"]
[Round "12"]
[White "Gongora,M"]
[Black "Gomez,Fe"]
[Result "0-1"]
[WhiteElo "2408"]
[BlackElo "2406"]
[EventDate "2002.03.31"]

1. e4 e5 2. Nf3 Nc6 3. Bb5 f5 4. d3 fxe4 5. dxe4 Nf6 6. O-O Bc5 7. Qd3 Qe7
8. Nc3 Nb4 9. Qe2 O-O 10. Bg5 c6 11. Bc4+ Kh8 12. Bb3 d6 13. h3 Na6 14.
Rad1 Bb4 15. Nb1 Nc5 16. Nbd2 Ba5 17. c3 b5 18. Nh4 Bb6 19. Qf3 Qe8 20. Nf5
Nfxe4 21. Nxe4 Nxe4 22. Qxe4 Bxf5 23. Qh4 d5 24. Be3 Bxe3 25. fxe3 Qg6 26.
Rf2 Be4 27. Rdf1 Rf6 28. Bd1 Raf8 29. Bg4 c5 30. Rxf6 gxf6 31. Bf3 Bxf3 32.
Rxf3 Qg7 33. Rg3 Qf7 34. a4 a6 35. a5 f5 36. Qh6 f4 37. exf4 exf4 38. Rf3
Qf6 39. Qxf6+ Rxf6 40. g3 Rg6 41. g4 Rf6 42. Rd3 Rd6 43. Kf2 d4 44. cxd4
Rxd4 45. Rc3 c4 46. Kf3 Kg7 47. g5 Kf7 48. Kg4 Ke6 49. Rf3 Ke5 50. Rf2 f3+
51. Kg3 Rd3 52. Kg4 Ke4 53. h4 Rd1 54. Kg3 Rg1+ 55. Kh2 Rg2+ 0-1

[Event "ch-CUB"]
[Site "Holguin City CUB"]
[Date "2002.04.13"]
[Round "12"]
[White "Herrera,I"]
[Black "Alvarez,Jose"]
[Result "1-0"]
[WhiteElo "2474"]
[BlackElo "2403"]
[EventDate "2002.03.31"]

1. e4 d6 2. d4 Nf6 3. Nc3 e5 4. dxe5 dxe5 5. Qxd8+ Kxd8 6. Bg5 Be6 7.
O-O-O+ Nbd7 8. f4 exf4 9. Nf3 h6 10. Bxf4 Bb4 11. Nb5 Ba5 12. Ne5 g5 13.
Bg3 Bb6 14. Bc4 Re8 15. Rhf1 Be3+ 16. Kb1 Bxc4 17. Nxc4 Bf4 18. Bxf4 gxf4
19. Rxf4 Kc8 20. e5 a6 21. Nbd6+ cxd6 22. Nxd6+ 1-0

[Event "ch-CUB"]
[Site "Holguin City CUB"]
[Date "2002.04.13"]
[Round "12"]
[White "Vazquez,R"]
[Black "Quezada,Y"]
[Result "1/2-1/2"]
[WhiteElo "2442"]
[BlackElo "2411"]
[EventDate "2002.03.31"]

1. e4 c5 2. Nf3 d6 3. d4 cxd4 4. Nxd4 Nf6 5. Nc3 a6 6. Be3 e5 7. Nb3 Be7 8.
f3 Be6 9. Qd2 O-O 10. O-O-O Nbd7 11. g4 Qc7 12. g5 Nh5 13. Kb1 b5 14. Nd5
Bxd5 15. exd5 Nb6 16. Rg1 Rfc8 17. Na5 Nxd5 18. Qxd5 Qxa5 19. Bh3 Re8 20.
Bd7 Red8 21. Bg4 Nf4 22. Bxf4 exf4 23. Be6 1/2-1/2

[Event "ch-CUB"]
[Site "Holguin City CUB"]
[Date "2002.04.13"]
[Round "12"]
[White "Vera,R"]
[Black "Abreu,A"]
[Result "1/2-1/2"]
[WhiteElo "2534"]
[BlackElo "2480"]
[EventDate "2002.03.31"]

1. c4 c5 2. Nf3 Nc6 3. d4 cxd4 4. Nxd4 g6 5. Nc3 Bg7 6. e3 Nf6 7. Be2 O-O
8. O-O d5 9. cxd5 Nxd5 10. Nxc6 bxc6 11. Na4 Rb8 12. Bd2 Nb6 13. Nc3 Nd5
14. Na4 Nb6 15. Nc3 Nd5 16. Qc1 Nb4 17. Rd1 Nd3 18. Bxd3 Qxd3 19. Be1 Qf5
20. Na4 Qb5 21. Qc2 Ba6 22. Bc3 Bxc3 23. bxc3 Rfd8 24. h3 Qc4 25. Rd4 Qe2
1/2-1/2

[Event "ch-CUB"]
[Site "Holguin City CUB"]
[Date "2002.04.13"]
[Round "12"]
[White "Perez,Rod"]
[Black "Almeida,O"]
[Result "1/2-1/2"]
[WhiteElo "2429"]
[BlackElo "2473"]
[EventDate "2002.03.31"]

1. e4 c5 2. Nf3 Nc6 3. Bb5 e6 4. O-O Nge7 5. b3 a6 6. Bxc6 Nxc6 7. Bb2 b5
8. Na3 Bb7 9. c4 b4 10. Nc2 f6 11. Nh4 Qe7 12. Qh5+ Qf7 13. Qxf7+ Kxf7 14.
f4 a5 15. a4 1/2-1/2

[Event "ch-CUB"]
[Site "Holguin City CUB"]
[Date "2002.04.13"]
[Round "12"]
[White "Arencibia,W"]
[Black "Dominguez,L"]
[Result "0-1"]
[WhiteElo "2542"]
[BlackElo "2594"]
[EventDate "2002.03.31"]

1. Nf3 Nf6 2. d4 d5 3. Bg5 Ne4 4. Bh4 c5 5. dxc5 Qa5+ 6. c3 Qxc5 7. Nbd2
Nc6 8. e3 g6 9. Nd4 Bg7 10. Nb5 Qb6 11. Nxe4 dxe4 12. Bg3 O-O 13. Bc7 Qc5
14. Rc1 a6 15. Nd4 Na7 16. Bg3 e5 17. Nb3 Qc7 18. Qd5 Be6 19. Qxe4 f5 20.
Qc2 f4 21. Bh4 Bh6 22. exf4 exf4 23. f3 Rfe8 24. Kd1 Nc6 25. Bd3 Ne5 26.
Be4 Nc4 27. Bf2 Rad8+ 28. Nd4 Bf7 29. Re1 Ne3+ 30. Bxe3 fxe3 31. g3 Qb6 32.
b3 Qe6 33. Qe2 Qf6 34. Kc2 b5 35. a3 b4 36. axb4 Rxd4 37. cxd4 Qxd4 38. Qd3
Qxb4 39. Bd5 Bxd5 40. Qxd5+ Kh8 41. Re2 Qb6 42. Kb1 Bg7 43. Rc6 Qb8 44.
Rxa6 Rd8 45. Qc4 Qe5 46. f4 Qf5+ 47. Ka2 Qd7 48. Qc2 Rc8 0-1

[Event "ch-CUB"]
[Site "Holguin City CUB"]
[Date "2002.04.14"]
[Round "13"]
[White "Nogueiras,J"]
[Black "Arencibia,W"]
[Result "1/2-1/2"]
[WhiteElo "2521"]
[BlackElo "2542"]
[EventDate "2002.03.31"]

1. c4 g6 2. g3 Bg7 3. Bg2 e5 4. Nc3 Nc6 5. d3 f5 6. e4 d6 7. Nge2 Nf6 8.
O-O O-O 9. Nd5 fxe4 10. dxe4 Nd7 11. Be3 Nc5 12. Qd2 Ne6 13. f4 Ned4 14.
fxe5 1/2-1/2